000 00342nam a2200145Ia 4500
008 191201s2010 xx 000 0 und d
082 _a629.2
_bGUA
100 _aGupta, R B
245 0 _aAutomobile Engineering
250 _aRep.
260 _aN.Delhi
_bSatya Prakashan
_c2010
300 _a1183
650 _aB.Tech(ME)
942 _2ddc
_cBK
_01
999 _c4100
_d4100